000 00898nas a2200301 4500
001 BR9501144
003 BR-BrBNA
005 20231205093904.0
007 ta
008 230509b bl.|||p| |||| 00| 00por d
040 _aBR-BrBNA
_bpor
_cBiblioteca Nacional de Agricultura
041 _a(Pt)
072 _aL60
100 1 _aLopes, R. da G.
100 1 _aRodrigues, E.S.
100 1 _aPuzzi, A.
100 1 _aPita. J.B.
100 1 _aCoelho, J.A.P.
100 1 _aFreitas, M.L. de
245 1 _aLevantamento ictiofaunistico em um ponto fixo na Baia de Santos, Estado de Sao Paulo, Brasil
650 _aIctiologia
650 _aDistribuicao Geografica
650 _aTaxonomia Animal
650 _aSao Paulo
773 0 _tBoletim do Instituto de Pesca (Brazil)
_xISSN 0046-9939
_g(1993), v. 20 p. 7-20
_wBR9501144
909 _a202311
_bLúcia
_c55
_dLúcia Elande
942 _2AGRIS
_n0
_cANA
999 _c140927
_d140927